David Fincher Filmography - Statistics

General Stats
  • This quiz has been taken 55 times
    34 since last reset
  • The average score is 31 of 115
Answer Stats
Type Year Name % Correct
Film Director 1995 Se7en
95%
Film Director 2010 The Social Network
95%
Film Director 1999 Fight Club
90%
Film Director 2023 The Killer
90%
Film Director 2007 Zodiac
90%
Film Director 1992 Alien³
80%
Film Director 2014 Gone Girl
80%
Film Director 2008 The Curious Case of Benjamin Button
80%
Film Director 1997 The Game
80%
Film Director 2011 The Girl with the Dragon Tattoo
80%
Film Director 2020 Mank
75%
Web Series Director 2017-2019 Mindhunter
65%
Web Series Production 2017-2019 Mindhunter
65%
Film Director 2002 Panic Room
65%
Web Series Director 2013 House of Cards
50%
Web Series Production 2013-2018 House of Cards
50%
Film Director TBA The Adventures of Cliff Booth
50%
Web Series Production 2019-2025 Love, Death & Robots
40%
Web Series Director 2022, 2025 Love, Death & Robots
40%
Music Video Director 1989 Express Yourself
35%
Film Production 2018 The Girl in the Spider's Web
30%
Music Video Director 1990 Vogue
30%
Music Video Director 1989 Bamboléo
25%
Film Cameo 1999 Being John Malkovich
25%
Music Video Director 1984 Bop 'Til You Drop
25%
Music Video Director 1985 Celebrate Youth
25%
Music Video Director 1985 Charm the Snake
25%
Commercial Director 1993 Coca-Cola: Blade Roller
25%
Commercial Director 2003 Coca-Cola: The Arquettes
25%
Music Video Director 1985 Dance This World Away
25%
Music Video Director 1986 Everytime You Cry
25%
Music Video Director 1989 Forever Your Girl
25%
Film Production 2005 Lords of Dogtown
25%
Film Production 2006 Love and Other Disasters
25%
Music Video Director 1986 One Simple Thing
25%
Music Video Director 1985 Shame
25%
Music Video Director 1985 Shock
25%
Music Video Director 1986 Stay
25%
Web Series Production 2021 Voir
25%
Music Video Director 1986 We Don't Have to Take Our Clothes Off
25%
Commercial Director 2013 Calvin Klein: Downtown
20%
Music Video Director 1987 Can I Hold You?
20%
Music Video Director 1989 Cold Hearted
20%
Music Video Director 1987 Don't Tell Me the Time
20%
Music Video Director 1987 Downtown Train
20%
Music Video Director 1987 Endless Nights
20%
Music Video Director 1988 Englishman in New York
20%
Film Cameo 2002 Full Frontal
20%
Music Video Director 1988 Get Rhythm
20%
Music Video Director 1990 Heart
20%
Music Video Director 1988 Heart of Gold
20%
Commercial Director 2004 Hewlett Packard: Constant Change
20%
Music Video Director 1988 Holding On
20%
Music Video Director 1988 It's Just, the Way That You Love Me
20%
Music Video Director 1987 Johnny B
20%
Commercial Director 1994 Levi's: Reason #259
20%
Commercial Director 1994 Levi's: Restaurant
20%
Commercial Director 1996 Levi's: The Chase
20%
Short Film Acting Role 2009 Logorama
20%
Music Video Director 1987 Love Will Rise Again
20%
Music Video Director 1988 Most of All
20%
Music Video Director 1987 No Surrender
20%
Music Video Director 1987 Notorious
20%
Music Video Director 1989 Real Love
20%
Music Video Director 1988 Roll with It
20%
Music Video Director 1987 Say You Will
20%
Music Video Director 1988 Shattered Dreams
20%
Music Video Director 1987 She Comes On
20%
Music Video Director 1989 She's a Mystery to Me
20%
Music Video Director 1987 Storybook Love
20%
Music Video Director 1989 Straight Up
20%
Music Video Director 1989 The End of the Innocence
20%
Short Film Production 2003 The Hire
20%
Music Video Director 1993 Who Is It
20%
Music Video Director 1996 6th Avenue Heartache
15%
Music Video Director 1986 All the Love in the World
15%
Short Film Production 2001 Ambush
15%
Commercial Production 2021 Anheuser Busch: Let's Grab a Beer
15%
Music Video Director 1993 Bad Girl
15%
Music Video Director 1994 Big Ones You Can Look At
15%
Short Film Production 2001 Chosen
15%
Music Video Director 1990 Cradle of Love
15%
Music Video Director 1990 Freedom! '90
15%
Commercial Director 2005 Heineken: Beer Run
15%
Music Video Director 1990 Home
15%
Music Video Director 1987 I Don't Mind at All
15%
Music Video Director 2011 Immigrant Song
15%
Music Video Director 1989 Janie's Got a Gun
15%
Music Video Director 2000 Judith
15%
Music Video Director 1990 L.A. Woman
15%
Music Video Director 1994 Love Is Strong
15%
Commercial Director 1992 Nike: Barkley on Broadway
15%
Commercial Director 1992 Nike: Instant Karma
15%
Commercial Director 1993 Nike: Temple of Fire
15%
Music Video Director 1989 Oh Father
15%
Music Video Director 2005 Only
15%
Music Video Director 1987 She's Like the Wind
15%
Music Video Director 1990 Should She Cry
15%
Music Video Director 1985 State of the Heart
15%
Music Video Director 1988 Tell It to the Moon
15%
Short Film Production 2001 The Car Thief and the Hit Man
15%
Short Film Production 2001 The Follow
15%
Short Film Production 2002 Ticker
15%
Music Video Director 2006 Twenty Five
15%
Film Production TBA Chinatown
10%
Documentary Production 2022 Is That Black Enough for You?!?
10%
Film Production TBA Lange
10%
Music Video Director 2013 Suit & Tie
10%
Commercial Director 1985 The American Cancer Society: Smoking Fetus
10%
Commercial Director 1993 Budweiser: Ginger or Marianne?
5%
TV Show Appearance 2007 Dirt
5%
Commercial Director 1995 Honda Del Sol
5%
Commercial Director 2006 Motorola: Pebl
5%
Commercial Director 2007 Orville Redenbacher
5%
Documentary Director 1985 The Beat of the Live Drum
5%
No matching quizzes found
Score Distribution
Percent of People with Each Score
Percentile by Number Answered
Your Score History
You have not taken this quiz since the last reset